| 000 | 00997nam a2200229 a 4500 | ||
|---|---|---|---|
| 008 | 080918s2007 ||||||||||||||||| || u | ||
| 020 | _a9789211337631 | ||
| 050 | _aUNO(02) | ||
| 110 | _aUnited Nations Organisation (UNO) | ||
| 245 | 1 | 4 |
_aThe work of the International Law Commission: instruments. -- Vol. I & II., 7th ed. _cby United Nations Organisation [UNO] |
| 250 | _a7th ed. | ||
| 260 |
_aGeneva: _bUNITED NATIONS _c2007 |
||
| 300 | _axii, 409p.: ill. | ||
| 350 | _a0.00 | ||
| 362 | 1 | _a<p>2007, Vol. II</p> | |
| 650 | _aINTERNATIONAL LAW COMMISSION | ||
| 650 | _aLAW | ||
| 650 | 0 | _aINTERNATIONAL LAW | |
| 650 | _aINTERNATIONAL LAW--PERIODICALS | ||
| 995 |
_aSPECIAL COLLECTIONS _D0.00 _e03006307 _FCBU-MAIN LIBRARY (Kitwe) _H1 _I0.00 _jUNO(02)2007/11B _M2 _UAVAILABLE _WMay 10, 2010 _y03006307 _ZInternational Publications |
||
| 995 |
_aSPECIAL COLLECTIONS _D0.00 _e03006301 _FCBU-MAIN LIBRARY (Kitwe) _H1 _I0.00 _jUNO(02)2007/11A _M1 _UAVAILABLE _WMay 10, 2010 _y03006301 _ZInternational Publications |
||
| 999 |
_c83184 _d83184 |
||